Wszyscy zawodnicy z ekstraklasy na EURO 2024 - Statystyki

Ogólne statystyki
  • Ten quiz został rozwiązany 152 razy
  • Średni wynik to 5 z 8
Statystyki odpowiedzi
Kraj Klub Piłkarz % Poprawnych
Polska Pogoń Szczecin Grosicki
98%
Polska Jagiellonia Białystok Romanczuk
90%
Słowenia Górnik Zabrze Janža
82%
Polska Lech Poznań Salamon
76%
Gruzja Cracovia Kakabadze
61%
Gruzja Lech Poznań Kvekveskiri
51%
Rumunia Raków Częstochowa Racovițan
47%
Słowenia Lech Poznań Blažič
42%
Nie znaleziono quizów pasujących do podanych kryteriów
Rozkład punktacji
Procent ludzi z każdym wynikiem
Percentyl według liczby udzielonych odpowiedzi
Twoja historia wyników
Nie rozwiązałeś tego quizu